000
00342nam a22001457a 4500
008
221220b ||||| |||| 00| 0 eng d
020
_a
0929543009
041
_a
eng
080
_a
33
082
_a
33ELL
100
_a
22
101
_a
BIZNES
245
_a
THE COMPLETE BOOK OF CONTEMPORARY BUSINESS LETTERS
_c
ELLIOTT P S
942
_2
udc
_c
BK
999
_c
59218
_d
59218